| 000 | 00540nam a2200193Ia 4500 | ||
|---|---|---|---|
| 005 | 20250326140807.0 | ||
| 008 | 250326s9999 xx 000 0 und d | ||
| 020 | _a0-415-10039-9 | ||
| 037 | _aTextbook | ||
| 040 |
_aFMSL _beng _cFMSL |
||
| 041 |
_aeng _2eng |
||
| 084 |
_aX:545 N5 _qFMSL |
||
| 100 |
_aPoliwoda S J _9743070 |
||
| 245 | 0 |
_aInternational marketing reader _cPoliwoda S J; Ryans J K,ed. |
|
| 260 |
_aLondon _bLondon, Routledge _c1995 |
||
| 300 | _a356p | ||
| 942 |
_cTB _hX:545 N5 |
||
| 999 |
_c1287317 _d1287317 |
||